La Educación y los procesos de integración hemisférica /
Los 34 Jefes de Estado y de Gobierno reunidos en Miami en la primera Cumbre de las Américas asumieron una Declaración conjunta en la que se comprometían unánimemente "a fomentar la prosperidad, los valores y las instituciones democráticas, y la seguridad de nuestro Hemisferio". Al suscribi...
שמור ב:
| מחבר ראשי: | |
|---|---|
| פורמט: | Texto |
| נושאים: | |
| תגים: |
הוספת תג
אין תגיות, היה/י הראשונ/ה לתייג את הרשומה!
|
MARC
| LEADER | 00000 a a2200000 04500 | ||
|---|---|---|---|
| 001 | 2143 | ||
| 003 | |||
| 040 | |||
| 100 | |a Benavides, Luis G. | ||
| 245 | |a La Educación y los procesos de integración hemisférica / |c Luis G. Benavides | ||
| 520 | |a Los 34 Jefes de Estado y de Gobierno reunidos en Miami en la primera Cumbre de las Américas asumieron una Declaración conjunta en la que se comprometían unánimemente "a fomentar la prosperidad, los valores y las instituciones democráticas, y la seguridad de nuestro Hemisferio". Al suscribir esta Declaración, afirmaron estar "convencidos de que podemos promover los intereses y valores que compartimos a través de la creación de pactos firmes". El primer pacto se encaminó a "preservar y fortalecer la comunidad de democracias de las Américas" y, con ello, a refrendar la Carta de la OEA y apoyar los esfuerzos de esta Organización en favor de la paz y la estabilidad democrática, social y económica de la región. Los Jefes de Estado y de Gobierno reconocieron la necesidad de modernizar el Estado y su funcionamiento acentuando la independencia del poder judicial y mejorando "la satisfacción de las necesidades de la población, especialmente de las mujeres y los grupos más vulnerables, incluidos las poblaciones indígenas, los discapacitados, los niños, los ancianos y las minorías. REV//jmml | ||
| 650 | |a EDUCACION | ||
| 650 | |a INTEGRACION ECONOMICA | ||
| 650 | |a MODERNIZACION | ||
| 650 | |a ESTADO | ||
| 650 | |a MINORIAS ETNICAS | ||
| 650 | |a GRUPOS MINORITARIOS | ||
| 650 | |a LIBRE COMERCIO | ||
| 650 | |a LIBERALIZACION DEL INTERCAMBIO | ||
| 650 | |a SOCIEDAD CIVIL | ||
| 650 | |a ZONAS DE LIBRE COMERCIO | ||
| 773 | |g número 45; páginas 19-32 | ||
| 999 | |c 32399 |d 32399 | ||
